000 00297nam a2200121Ia 4500
008 180117s9999 xx 000 0 und d
100 _aby Sara Grace C Fojas
245 _aArt for All
260 _c2017
300 _a22-25 pages, 2017 October 1
440 _aPhilippine Panorama
650 _aART
999 _c353312
_d353312